Звуки. Ритмика. Интонация: учебное пособие

Opis bibliograficzny
1. autor: Одинцова И. В. Ирина Владимировна
Streszczenie:Книга «Звуки. Ритмика. Интонация» представляет собой пособие по русской звучащей речи, предназначенное для иностранных учащихся различных национальностей. Оно может быть использовано на разных этапах обучения русскому языку. Книга содержит три главы: «Ритмика», «Звуки», «Интонация». В пособие включены три приложения, в одном из которых, «Связь фонетики с графикой и орфографией. Некоторые особенности русского литературного произношения», сделана попытка представить основные орфоэпические нормы русского языка в упражнениях. В «Приложении III» приводится большой методический комментарий по постановке и коррекции произношения русских звуков, построению курса по звучащей речи. Этот раздел построен на основе сопоставления русского и английского языков. Однако рекомендации, приводимые в «Приложении III», могут быть использованы при работе с учащимися разных национальностей.
Język:rosyjski
Wydane: Москва, Флинта, 2006
Wydanie:2-е изд., испр.
Seria:Русский язык как иностранный
Hasła przedmiotowe:
Format: Nieznany
KOHA link:https://koha.lib.tpu.ru/cgi-bin/koha/opac-detail.pl?biblionumber=94956

MARC

LEADER 00000nmm0a2200000 4500
001 94956
005 20231031105847.0
010 |a 5893493834 
010 |a 5-02-002762-6 
035 |a (RuTPU)RU\TPU\book\101708 
035 |a RU\TPU\book\69333 
090 |a 94956 
100 |a 20060418d2006 m y0rusy50 ca 
101 0 |a rus 
102 |a RU 
105 |a y j 000zy 
200 1 |a Звуки. Ритмика. Интонация  |e учебное пособие  |f И. В. Одинцова 
205 |a 2-е изд., испр. 
210 |a Москва  |c Флинта  |c Наука  |d 2006 
215 |a 368 с. 
225 1 |a Русский язык как иностранный 
330 |a Книга «Звуки. Ритмика. Интонация» представляет собой пособие по русской звучащей речи, предназначенное для иностранных учащихся различных национальностей. Оно может быть использовано на разных этапах обучения русскому языку. Книга содержит три главы: «Ритмика», «Звуки», «Интонация». В пособие включены три приложения, в одном из которых, «Связь фонетики с графикой и орфографией. Некоторые особенности русского литературного произношения», сделана попытка представить основные орфоэпические нормы русского языка в упражнениях. В «Приложении III» приводится большой методический комментарий по постановке и коррекции произношения русских звуков, построению курса по звучащей речи. Этот раздел построен на основе сопоставления русского и английского языков. Однако рекомендации, приводимые в «Приложении III», могут быть использованы при работе с учащимися разных национальностей. 
451 1 |0 (RuTPU)RU\TPU\book\69333  |y 5-89349-383-4  |t Звуки. Ритмика. Интонация  |o учебное пособие  |f И. В. Одинцова  |c М.  |n Флинта  |n Наука  |d 2004  |p 368 с.  |s Русский язык как иностранный  |a Одинцова, Ирина Владимировна 
610 1 |a русский язык 
610 1 |a русский как иностранный 
610 1 |a фонетика 
610 1 |a звуки 
610 1 |a интонация 
610 1 |a ритмика 
610 1 |a учебные пособия 
686 |a Ш141.2-96  |v LBC/SL-A  |2 rubbk 
700 1 |a Одинцова  |b И. В.  |g Ирина Владимировна 
801 1 |a RU  |b 63413507  |c 20040618  |g PSBO 
801 2 |a RU  |b 63413507  |c 20220601  |g PSBO 
942 |c MX 
959 |a 100/20051129  |d 20  |e 0  |f НФ:20